000 00645nam a2200241Ia 4500
003 OSt
005 20220918211852.0
006 a|||||r|||| 00| 0
007 ta
008 220917b |||||||| |||| 00| 0 eng d
024 _a125,960
037 _cTextual
040 _aARTS
_cARTS
_beng
041 _2eng
_aeng
082 _aW691y76, K3
100 _aLazitch Branko
_9112215
245 0 _aAfrica and the lessons of the communist experiment
260 _aParis
_bEdimpra
_c1963
300 _a120p.
_ccm.
650 _aPOLITICAL SCIENCE
942 _hW691y76, K3
_cTEXL
_2CC
999 _c249107
_d249107